Historia de las principales monedas. Dos mil años de aventura
保存先:
| 第一著者: | |
|---|---|
| フォーマット: | 図書 |
| 言語: | スペイン語 |
| 出版事項: |
Madrid
Guadarrama
1975
|
| 版: | 1a. ed |
| シリーズ: | Economía, 187
|
| 主題: | |
| タグ: |
タグ追加
タグなし, このレコードへの初めてのタグを付けませんか!
|
MARC
| LEADER | 00000cam a2200000 a 4500 | ||
|---|---|---|---|
| 001 | UCP7669 | ||
| 003 | CL-VaPUC | ||
| 008 | 991217e19750000SP |||||||||||||||||spa|d | ||
| 020 | |a 8425001870 | ||
| 082 | 0 | 4 | |a 332.49 |b SED |2 21 |
| 100 | 0 | |a Sédillot, René |e author |9 437229 | |
| 245 | 1 | 0 | |a Historia de las principales monedas. Dos mil años de aventura |
| 250 | |a 1a. ed | ||
| 300 | |a 204 p | ||
| 942 | |c BK | ||
| 945 | |d 19991217 00:00:00 |a crobeson | ||
| 260 | |a Madrid |b Guadarrama |c 1975 | ||
| 650 | 7 | |a HISTORIA MONETARIA |2 CL-VaPUC |9 437230 | |
| 650 | 0 | |a Moneda |9 342365 | |
| 650 | 7 | |a SISTEMA MONETARIO INTERNACIONAL |2 CL-VaPUC |9 322730 | |
| 650 | 7 | |a FRANCO |2 CL-VaPUC |9 437231 | |
| 650 | 7 | |a LIBRA ESTERLINA |2 CL-VaPUC |9 437232 | |
| 650 | 7 | |a DOLAR |2 CL-VaPUC |9 372694 | |
| 650 | 7 | |a MARCO |2 CL-VaPUC |9 437233 | |
| 650 | 7 | |a FLORIN |2 CL-VaPUC |9 437234 | |
| 650 | 7 | |a RUBLO |2 CL-VaPUC |9 437235 | |
| 650 | 7 | |a LIRA |2 CL-VaPUC |9 390067 | |
| 650 | 0 | |a Yen |9 437236 | |
| 650 | 7 | |a PESETA |2 CL-VaPUC |9 437237 | |
| 583 | |a last modification |c 20160711 11:50:30 |k Rodrigo Vera | ||
| 490 | 0 | |a Economía, 187 | |
| 999 | |c 284786 |d 284784 | ||
| 952 | |0 0 |1 0 |4 0 |6 332_490000000000000_SED_1975 |7 0 |8 A |9 329018 |a BIBHIS |b BIBHIS |d 2019-11-20 |i 1373579 |o 332.49 SED 1975 |p 1373579 |r 2025-01-20 |w 2019-11-20 |y BK |k HIS | ||
| 952 | |0 0 |1 0 |3 erb |4 0 |6 332_490000000000000_SED_1975 |7 0 |8 A |9 329019 |a FDOHBE |b FDOHBE |e Huesbe Llanos, Marco Antonio, 1934- |i 5308305 |o 332.49 SED 1975 |p 5308305 |r 2024-01-30 |w 2019-11-20 |y BK |z Catalogado en:20160713 |k HBE | ||